000 00259nam a2200133Ia 4500
100 _aNone
942 _cBK
654 _amachine
245 _aIntroduction of Machine tools
260 _bnone
082 _a621.902
_bINT
300 _a79
546 _aENGLISH
999 _c22649
_d22649